01054nam a2200253Ia 4500003000900000008004100009020001800050040001600068080002200084110003700106111012000143245018500263260004200448300001500490490002600505650004100531650000900572650001700581700003900598700003700637942000700674999001500681952010400696IN-BaIIA211028s9999 xx 000 0 eng d a90-277-0149-0 cIIA Library a082.2:52bIAU-S47 aInternational Astronomical Union aInternational Astronomical Union Symposiumn47thcUniversity of Newcastle-Upon-Tyne, Englandd1971 Mar. 22-2697210 4aThe Moonbproceedings from IAU symposium no. 47, held in the University of Newcastle-Upon-Tyne, England, March 22-26 , 1971cedited by Stanley Keith Runcorn and Harold Clayton Urey aDordrechtbD. Reidel Publishingc1972 axvi, 471p. aIAU Symposium; no. 47 aAstronomy and Astrophysics Thesaurus aMoon aSolar system aRuncorn, Stanley Keith., ed.97211 aUrey, Harold Clayton., ed.97212 cBK c4083d4083 00104070aBANbBANcGENd1973-01-11l0o082.2:52/ IAU-S47p4555r2021-11-05w1973-01-11yBKGFree